| 000 | 00794nab a2200253 4500 | ||
|---|---|---|---|
| 003 | BR-BrBNA | ||
| 005 | 20250717151307.0 | ||
| 008 | 250717b bl.||||| |||| 00| 0 por d | ||
| 040 |
_aBR-BrBNA _bpor |
||
| 072 | _aA50 ; F30 ; E14 | ||
| 100 | _aTaguchi, Viviane | ||
| 245 |
_aA biofábrica da Embrapa _bAgrotecnologia |
||
| 500 | _a2 illus. | ||
| 650 | _aEMBRAPA | ||
| 650 | _aPESQUISA AGRÍCOLA | ||
| 650 | _aGENÉTICA VEGETAL | ||
| 650 | _aPOPULAÇÃO HUMANA | ||
| 650 | _aDOENÇA | ||
| 650 | _aMEDICAMENTO | ||
| 650 | _aVACINA | ||
| 773 | 0 |
_01706 _9347977 _dSão Paulo-SP Editora Três Ltda - E-mail: luizfsa@revistadinheiro.com.br 2004 _o2025-0476 _tDinheiro Rural (Brazil) _x1807-3700 _gv. 6(72) p. 46-47; (Oct 2010) _wBR2025003820 |
|
| 942 | _cANA | ||
| 999 |
_c333946 _d333946 |
||